Catálogo

Mitos nórdicos / (Registro nro. 69184)

Detalles MARC
000 -LEADER
fixed length control field 01303aam a2200361 i 4500
001 - CONTROL NUMBER
control field 69184
003 - CONTROL NUMBER IDENTIFIER
control field Mx-PuUPA
005 - DATE AND TIME OF LATEST TRANSACTION
control field 20240410104312.0
008 - FIXED-LENGTH DATA ELEMENTS--GENERAL INFORMATION
fixed length control field 201118s2018 mx ||||gr|||| 001 j spa d
020 ## - INTERNATIONAL STANDARD BOOK NUMBER
International Standard Book Number 9786070746673
040 ## - CATALOGING SOURCE
Original cataloging agency Mx-PuUPA
Language of cataloging spa
Transcribing agency Mx-PuUPA
Modifying agency Mx-PuUPA
Description conventions rda
041 1# - LANGUAGE CODE
Language code of text/sound track or separate title spa
Language code of original eng
100 1# - MAIN ENTRY--PERSONAL NAME
9 (RLIN) 10958
Personal name Gaiman, Neil,
Dates associated with a name 1960-
Relator term autor
240 10 - UNIFORM TITLE
Uniform title Norse mythology.
Language of a work Español
245 10 - TITLE STATEMENT
Title Mitos nórdicos /
Statement of responsibility, etc. Neil Gaiman ; traducción de Claudia Conde
250 ## - EDITION STATEMENT
Edition statement Primera edición
264 #4 - PRODUCTION, PUBLICATION, DISTRIBUTION, MANUFACTURE, AND COPYRIGHT NOTICE
Place of production, publication, distribution, manufacture Ciudad de México :
Name of producer, publisher, distributor, manufacturer Ediciones Destino,
Date of production, publication, distribution, manufacture, or copyright notice 2018
300 ## - PHYSICAL DESCRIPTION
Extent 269 páginas ;
Dimensions 24 cm
336 ## - CONTENT TYPE
Fuente rdacontent
Content type term texto
Content type code txt
337 ## - MEDIA TYPE
Source rdamedia
Media type term sin medio
Media type code n
338 ## - CARRIER TYPE
Source rdacarrier
Carrier type term volumen
Carrier type code nc
490 0# - SERIES STATEMENT
Series statement Colección Áncora y Delfín
500 ## - GENERAL NOTE
General note "Las hazañas de Thor y las intrigas de los dioses noveladas por un maestro en contar historias". -- Cubierta
545 1# - BIOGRAPHICAL OR HISTORICAL DATA
Biographical or historical data Reimpresiones: (quinta, diciembre 2019).
650 #4 - SUBJECT ADDED ENTRY--TOPICAL TERM
Topical term or geographic name entry element Mitología nórdica
650 #4 - SUBJECT ADDED ENTRY--TOPICAL TERM
Topical term or geographic name entry element Mitología escandinava
700 1# - ADDED ENTRY--PERSONAL NAME
Personal name Conde, Claudia,
Relator term traductor
765 18 - ORIGINAL LANGUAGE ENTRY
Main entry heading Gaiman, Neil, 1960-
Title Norse mythology.
942 ## - ADDED ENTRY ELEMENTS (KOHA)
Source of classification or shelving scheme Dewey Decimal Classification
Koha item type Libro
Classification part 293.13
Item part G137
Existencias
Withdrawn status Lost status Source of classification or shelving scheme Damaged status Not for loan Collection code Home library Current library Shelving location Date acquired Source of acquisition Cost, normal purchase price Total Checkouts Total Renewals Full call number Barcode Date last seen Date last checked out Cost, replacement price Price effective from Koha item type
    Dewey Decimal Classification     General Biblioteca Karol Wojtyla Biblioteca Karol Wojtyla Sala general 10/08/2021 1 278.00 4 1 293.13 G137 2018 101773 05/01/2026 09/11/2023 278.00 10/08/2021 Libro